000 00394nam a22001577a 4500
003 SGT
020 _a9789395039710
082 _a615.106P24K
100 _aKUMAR, BHAVNA
245 _aPHARMACEUTICAL MARKETING MANAG4MENT
260 _aHYDERABAD
_bPHARMA MED PRESS
_c20 21
300 _a201
650 _aPHARMACY MANAGEMENT
653 _aPHARMASUTICS, MARKETING, MANAGEMENT
942 _2ddc
_cBK
999 _c26908
_d26908